Wards of Kawasaki - Statistics

General Stats
  • This quiz has been taken 33 times
  • The average score is 5 of 7
Answers on the Map
Answers color-coded by a green-red scale on the quiz's map according to % correct below.
 
Answer Stats
Answer % Correct
Kawasaki 川崎
100%
Nakahara 中原
83%
Saiwai 幸
78%
Tama 多摩
78%
Asao 麻生
72%
Miyamae 宮前
67%
Takatsu 高津
67%
No matching quizzes found
Score Distribution
Percent of People with Each Score
Percentile by Number Answered
Your Score History
You have not taken this quiz